01301nam a2200325 i 4500001001900000003001000019005001700029007000300046008004100049020001800090040005200108041000800160082002100168100003100189245004600220264005100266264001100317300002700328336002200355337001900377338002100396504004200417505029700459563001400756650003900770942000700809945001200816952013000828999001700958768714001768714001CO-MdFUSB20250503102810.0ta161013t1981 xxu||||| |||| 00| 0 eng d a0-631-13597-9 aCO-MdFUSBbEspañolcCO-MdFUSBdCO-MdFUSBerda aeng 224aG 241bG982t1 aGustafson, James M.eautor10aTheology and ethicsc/ James M. Gustafson 1aOxford, England : bBasil Blackwellc℗[1981] 4c©1981 a345 páginasc; 23 cm 2rdacontenta1ba1 2rdamediaa2b5 2rdacarriera2b5 aIncluye índice (páginas. 343-345) aUna interpretación de nuestras circunstancias - La ética teocéntrica - Convicciones y procedimientos - La preferencia por la tradición reformada - Dios en relación con el hombre y el mundo - El hombre en relación con Dios y el mundo - La vida moral de la perspectiva teocéntrica aRústico 79395aÉtica cristianaxTeología cBK aJTF-925 00102ddc40708GENaFUSBCbFUSBCd2015-06-22l0oG 241 G982tp20806r2019-12-12 00:00:00tEj. 1w2016-01-26yBKB0IINV2023 c46460d46460